000 00851nam a22002297a 4500
003 0
005 20250131135526.0
008 140923b xxu||||| |||| 00| 0 eng d
050 _aPGS ML 3918.S63
_b.Ab155 2014
100 _aAboughaula, Alyah L.
245 _aMusic preferences and social skills of grade 7 students of Southville International School and Colleges /
_cAlyah L. Aboughaula.
260 _aLas PiƱas City, Philippines :
_bSouthville International School and Colleges,
_c2014.
300 _a30 p. :
_bill. ;
_c28 cm.
504 _aIncludes bibliographical references.
650 _aMusic
_vSocial aspects.
650 _aMusic
_vPsychological aspects.
650 _aMusic preferences
_vSocial aspects.
650 _aSocial skills in adolescence.
650 _aMusic
_vEffect on behavior.
942 _2lcc
_cPASS
999 _c275582
_d275582